[Event "AUTO-OPEN-547"]
[Site "http://www.queenalice.com/game.php?id=277083"]
[Date "2007.9.25"]
[Round "3"]
[White "kcarlin"]
[Black "Goles_Giovano"]
[Result "1-0"]
[WhiteElo "1860"]
[BlackElo "2035"]

1. c4 c5 2. g3 Nc6 3. Bg2 e5 4. e4 Nge7 5. Ne2 g6 6. O-O Bg7 7. Nbc3 O-O 8. d3
d6 9. h3 f5 10. f4 Be6 11. Nd5 Nd4 12. Nxd4 exd4 13. Rb1 fxe4 14. dxe4 Nxd5 15.
cxd5 1-0

[Event "AUTO-OPEN-546"]
[Site "http://www.queenalice.com/game.php?id=278697"]
[Date "2007.9.29"]
[Round "3"]
[White "hartto"]
[Black "kcarlin"]
[Result "0-1"]
[WhiteElo "1978"]
[BlackElo "1876"]

1. d4 Nf6 2. c4 e6 3. Bg5 Be7 4. Nf3 h6 5. Bxf6 Bxf6 6. e3 O-O 7. Nc3 d5 8. cxd5
exd5 9. Be2 c6 10. O-O Bf5 11. h3 Nd7 12. Re1 Re8 13. Bd3 Bxd3 14. Qxd3 g6 15.
Re2 Rc8 16. Rae1 Qc7 17. b4 Be7 18. a3 Nb6 19. e4 dxe4 20. Rxe4 Kf8 21. Qe3 g5
22. h4 Nc4 23. Qc1 Nd6 24. R4e2 f6 25. hxg5 hxg5 26. Qc2 Kg7 27. Re6 Bf8 28.
Nxg5 fxg5 29. Qg6+ Kh8 30. Rxe8 Rxe8 31. Rxe8 Nxe8 32. Qxe8 Kg7 33. d5 Qe7 34.
Qxe7+ Bxe7 35. dxc6 bxc6 36. Ne4 Kg6 0-1

[Event "AUTO-OPEN-546"]
[Site "http://www.queenalice.com/game.php?id=278698"]
[Date "2007.9.29"]
[Round "3"]
[White "kcarlin"]
[Black "hartto"]
[Result "1/2-1/2"]
[WhiteElo "1878"]
[BlackElo "2031"]

1. c4 e5 2. g3 Nf6 3. Bg2 c6 4. e4 d5 5. cxd5 cxd5 6. d3 Nc6 7. a3 dxe4 8. dxe4
Qxd1+ 9. Kxd1 Bc5 10. f3 O-O 11. Nc3 b6 12. Nge2 Rd8+ 13. Kc2 Ba6 14. Rd1 Bxe2
15. Nxe2 Rxd1 16. Kxd1 Rd8+ 17. Kc2 Nd4+ 18. Nxd4 Rxd4 19. b4 Bd6 20. Bb2 Rc4+
21. Kb3 Rc7 22. Rc1 Rxc1 23. Bxc1 b5 24. Be3 a6 25. Bc5 Ne8 26. Bxd6 Nxd6
1/2-1/2

[Event "AUTO-OPEN-553"]
[Site "http://www.queenalice.com/game.php?id=280484"]
[Date "2007.10.2"]
[Round "2"]
[White "kcarlin"]
[Black "Francisco"]
[Result "0-1"]
[WhiteElo "1896"]
[BlackElo "2202"]

1. c4 c6 2. g3 d5 3. cxd5 cxd5 4. d4 Nc6 5. Bg2 Bf5 6. a3 e6 7. Nf3 Nf6 8. Nc3
Be7 9. O-O O-O 10. Bf4 Qb6 11. b4 Rfc8 12. Rc1 a5 13. b5 Bxa3 14. bxc6 Bxc1 15.
Bxc1 Qxc6 16. Qb3 Qxc3 17. Qxb7 Qb4 0-1

[Event "AUTO-OPEN-553"]
[Site "http://www.queenalice.com/game.php?id=280485"]
[Date "2007.10.2"]
[Round "2"]
[White "Francisco"]
[Black "kcarlin"]
[Result "1-0"]
[WhiteElo "2205"]
[BlackElo "1881"]

1. d4 Nf6 2. Nf3 e6 3. Bg5 Be7 4. e3 O-O 5. Nbd2 d5 6. c3 Nbd7 7. Bd3 h6 8. Bh4
c5 9. O-O cxd4 10. cxd4 a6 11. Rc1 b5 12. Bg3 Ra7 13. Rc2 Nh5 14. Be5 Nhf6 15.
Qe2 Nxe5 16. Nxe5 Bb7 17. Rfc1 Bd6 18. Ndf3 Nd7 19. Nc6 Bxc6 20. Rxc6 Nb8 21.
R6c2 Rc7 22. Rxc7 Bxc7 23. Qc2 Bd6 24. Nd2 Nd7 25. Nb3 Nb6 26. Nc5 Qc8 27. b3
Nd7 28. Nxd7 Qxd7 29. Qc6 Qxc6 30. Rxc6 Be7 31. Rxa6 b4 32. Ra7 Bd8 33. Kf1 Re8
34. Bb5 Rf8 35. a4 Bb6 36. Rb7 Ba5 37. Ke2 Rc8 38. Ba6 Rc6 39. Bd3 Kf8 40. Rb5
Bc7 41. Rxb4 Ke7 42. Rb7 Kd6 43. Bb5 Rc2+ 44. Kf3 Rc3 45. Be2 Kc6 46. Rb5 Bb6
47. b4 f6 48. a5 Ba7 49. a6 Bxd4 50. Rb7 f5 51. Re7 Kd6 52. Rb7 Bf6 53. a7 Ra3
54. Rb6+ Kc7 55. Ra6 1-0

[Event "AUTO-OPEN-553"]
[Site "http://www.queenalice.com/game.php?id=280486"]
[Date "2007.10.2"]
[Round "2"]
[White "kcarlin"]
[Black "marcosnatal"]
[Result "1-0"]
[WhiteElo "1871"]
[BlackElo "1667"]

1. c4 Nf6 2. g3 c6 3. Bg2 d5 4. cxd5 cxd5 5. d4 e6 6. Nf3 Bb4+ 7. Bd2 Bd6 8. O-O
O-O 9. Nc3 Nc6 10. e3 Bd7 11. a3 Ne4 12. Nxe4 dxe4 13. Ne1 e5 14. dxe5 1-0

[Event "AUTO-OPEN-553"]
[Site "http://www.queenalice.com/game.php?id=280487"]
[Date "2007.10.2"]
[Round "2"]
[White "marcosnatal"]
[Black "kcarlin"]
[Result "0-1"]
[WhiteElo "1676"]
[BlackElo "1862"]

1. d4 Nf6 2. c4 e6 3. Nc3 d5 4. Nf3 Be7 5. e3 O-O 6. Bd3 dxc4 7. Bxc4 c6 8. O-O
b5 9. Bb3 a5 10. Re1 Bb7 11. Bc2 Nbd7 12. e4 Nb6 13. e5 Nfd5 14. Qd3 g6 15. Bh6
Re8 0-1

[Event "AUTO-OPEN-551"]
[Site "http://www.queenalice.com/game.php?id=285508"]
[Date "2007.10.12"]
[Round "2"]
[White "carloswecker"]
[Black "kcarlin"]
[Result "1/2-1/2"]
[WhiteElo "1912"]
[BlackElo "1874"]

1. d4 Nf6 2. c4 e6 3. Nc3 d5 4. Bg5 Be7 5. Nf3 h6 6. Bh4 O-O 7. e3 c6 8. Bd3
Nbd7 9. O-O dxc4 10. Bxc4 Nd5 11. Bxe7 Qxe7 12. Rc1 N7f6 13. Nxd5 exd5 14. Bd3
Bg4 15. h3 Bh5 16. a3 Ne4 17. Be2 Bg6 18. Ne5 Bh7 19. b4 f6 20. Nd3 Rac8 21. Nc5
Rfe8 22. Bf3 Ng5 23. Bg4 f5 24. Bf3 Ne6 25. Bh5 g6 26. Bf3 Nxc5 27. bxc5 Qc7 28.
Qd2 Kg7 29. Rfe1 g5 30. a4 a5 31. Qb2 Rb8 32. Qb6 Qxb6 33. cxb6 Ra8 34. Rc5 f4
35. Rec1 Be4 1/2-1/2

[Event "AUTO-OPEN-551"]
[Site "http://www.queenalice.com/game.php?id=285509"]
[Date "2007.10.12"]
[Round "2"]
[White "kcarlin"]
[Black "carloswecker"]
[Result "1/2-1/2"]
[WhiteElo "1872"]
[BlackElo "1924"]

1. c4 c5 2. g3 g6 3. Bg2 Bg7 4. Nc3 Nf6 5. e3 Nc6 6. Nge2 O-O 7. O-O d6 8. h3
Rb8 9. d4 cxd4 10. exd4 Bd7 11. Be3 h6 12. Re1 a6 13. a4 Ne8 14. Qd2 Kh7 15. Kh2
Qc8 16. b3 Nd8 17. Rac1 Ne6 18. Nd5 Qd8 19. f4 f5 20. Bf3 Nf6 21. Nxf6+ Bxf6 22.
d5 Nc5 23. Qc2 b5 24. Bxc5 dxc5 25. axb5 axb5 26. Rcd1 bxc4 27. bxc4 Rb4 28. Rb1
Qb6 29. Rxb4 Qxb4 30. Rb1 Qa3 31. Qb3 1/2-1/2

[Event "AUTO-OPEN-551"]
[Site "http://www.queenalice.com/game.php?id=285516"]
[Date "2007.10.12"]
[Round "2"]
[White "kcarlin"]
[Black "QuickQuickSlow"]
[Result "1/2-1/2"]
[WhiteElo "1867"]
[BlackElo "2164"]

1. c4 Nf6 2. g3 g6 3. Bg2 Bg7 4. d4 d5 5. b3 c5 6. e3 cxd4 7. exd4 O-O 8. Ne2
Nc6 9. Bb2 Bg4 10. f3 Bd7 11. O-O e6 12. Nbc3 Rc8 13. cxd5 exd5 14. Re1 Re8 15.
Rc1 Bh6 16. f4 Bg4 17. h3 Bxe2 18. Nxe2 Ne4 19. a3 Qb6 20. Qd3 Bg7 21. b4 a5 22.
b5 Na7 23. a4 Qd8 1/2-1/2

[Event "AUTO-OPEN-551"]
[Site "http://www.queenalice.com/game.php?id=285517"]
[Date "2007.10.12"]
[Round "2"]
[White "QuickQuickSlow"]
[Black "kcarlin"]
[Result "1-0"]
[WhiteElo "2165"]
[BlackElo "1892"]

1. e4 c5 2. Nf3 d6 3. d4 cxd4 4. Nxd4 Nf6 5. Nc3 a6 6. g3 Bd7 7. a4 e6 8. Bg2
Nc6 9. O-O Rb8 10. h3 Be7 11. Be3 O-O 12. Nb3 b5 13. axb5 axb5 14. g4 Ne8 15. f4
f5 16. exf5 exf5 17. g5 Kh8 18. Nd5 g6 19. Nd4 Kg8 20. Nxc6 Bxc6 21. Ba7 Rc8 22.
Bb6 Qd7 23. Ra7 Bb7 24. Rxb7 1-0

[Event "AUTO-OPEN-555"]
[Site "http://www.queenalice.com/game.php?id=298347"]
[Date "2007.11.4"]
[Round "3"]
[White "worlddomination"]
[Black "kcarlin"]
[Result "1-0"]
[WhiteElo "1843"]
[BlackElo "1879"]

1. e4 c5 2. Nf3 d6 3. d4 cxd4 4. Nxd4 Nf6 5. Nc3 a6 6. Bg5 e6 7. f4 Be7 8. Qf3
O-O 9. O-O-O Qc7 10. g4 h6 11. Bxf6 Bxf6 12. h4 Bxd4 13. Rxd4 Nc6 14. Rd2 b5 15.
g5 g6 16. h5 Ne7 17. hxg6 Nxg6 18. Rxh6 Kg7 19. Qh5 Rh8 20. Rxh8 Nxh8 21. Qh6+
Kg8 22. f5 f6 23. gxf6 1-0

[Event "AUTO-OPEN-555"]
[Site "http://www.queenalice.com/game.php?id=298348"]
[Date "2007.11.4"]
[Round "3"]
[White "kcarlin"]
[Black "worlddomination"]
[Result "1-0"]
[WhiteElo "1879"]
[BlackElo "1860"]

1. c4 g6 2. g3 Bg7 3. Bg2 e5 4. Nc3 Ne7 5. e4 O-O 6. Nge2 Nbc6 7. O-O d6 8. d3
f5 9. f4 exf4 10. Bxf4 Nd4 11. Be3 Nxe2+ 12. Qxe2 Nc6 13. exf5 Rxf5 14. Rxf5
Bxf5 15. Bd5+ Kh8 16. Re1 Ne5 17. Kg2 Bxd3 18. Qd1 Bf5 19. h3 Qd7 20. g4 Be6 21.
Qe2 Bxd5+ 22. Nxd5 Rf8 23. Rf1 Rxf1 24. Qxf1 Nc6 25. b3 Qe6 26. Qf4 1-0

[Event "AUTO-OPEN-588"]
[Site "http://www.queenalice.com/game.php?id=333884"]
[Date "2008.1.9"]
[Round "3"]
[White "cristal_negro"]
[Black "kcarlin"]
[Result "1-0"]
[WhiteElo "1661"]
[BlackElo "1899"]

1. e4 c5 2. Nc3 d6 3. g3 a6 4. Bg2 e5 5. Nge2 Nf6 6. O-O Be7 7. b3 O-O 8. Bb2 b5
9. f4 Bb7 10. a3 Nbd7 11. d3 Ng4 12. Bc1 Nh6 13. f5 Bg5 14. Nd5 Bxc1 15. Nxc1
Bxd5 16. exd5 g6 17. fxg6 fxg6 18. Ne2 Nf5 19. Qd2 Ra7 20. Rf3 Nf6 21. Qg5 Raf7
22. Rxf5 Rg7 23. Rf2 Rgf7 24. Raf1 Kg7 25. Bh3 h6 26. Qe3 Nxd5 27. Rxf7+ Rxf7
28. Rxf7+ Kxf7 29. Qxh6 1-0

[Event "AUTO-OPEN-588"]
[Site "http://www.queenalice.com/game.php?id=333885"]
[Date "2008.1.9"]
[Round "3"]
[White "kcarlin"]
[Black "cristal_negro"]
[Result "1-0"]
[WhiteElo "1873"]
[BlackElo "1683"]

1. c4 e5 2. g3 Nc6 3. Bg2 Nf6 4. Nc3 Nd4 5. e3 Ne6 6. Nge2 Be7 7. O-O c6 8. d4
exd4 9. exd4 O-O 10. a3 d5 11. cxd5 cxd5 12. h3 Rb8 13. Nf4 b6 14. b4 Bb7 15.
Nxe6 fxe6 16. f4 Rc8 17. Bb2 Nh5 18. Kh2 a6 19. Re1 Nxg3 20. Kxg3 Qc7 21. Ne2
Qc4 22. Rc1 Qb3+ 23. Qxb3 Rce8 24. Rc7 Ba8 25. Rec1 h6 26. Qe3 Bf6 27. Qd3 Be7
28. Rxe7 Rxe7 29. Qxa6 h5 30. Rc8 Bb7 31. Rxf8+ Kxf8 32. Qxb6 Kf7 33. h4 Kg6 34.
Bh3 Bc8 35. f5+ Kf6 36. fxe6 Bxe6 37. Nf4 1-0

[Event "AUTO-OPEN-588"]
[Site "http://www.queenalice.com/game.php?id=333888"]
[Date "2008.1.9"]
[Round "3"]
[White "kcarlin"]
[Black "Turkish_Silvy"]
[Result "0-1"]
[WhiteElo "1911"]
[BlackElo "2149"]

1. c4 Nf6 2. g3 g6 3. Bg2 d5 4. cxd5 Nxd5 5. d4 Bg7 6. e3 O-O 7. Ne2 c5 8. dxc5
Nb4 9. Nd4 e5 10. Qb3 N8a6 11. Nc2 Nd3+ 12. Ke2 Naxc5 13. Qa3 e4 14. Bxe4 Nxe4
0-1

[Event "AUTO-OPEN-588"]
[Site "http://www.queenalice.com/game.php?id=333889"]
[Date "2008.1.9"]
[Round "3"]
[White "Turkish_Silvy"]
[Black "kcarlin"]
[Result "1-0"]
[WhiteElo "2154"]
[BlackElo "1905"]

1. d4 Nf6 2. Nf3 e6 3. Bf4 Be7 4. e3 b6 5. Bd3 Bb7 6. h3 O-O 7. Nbd2 d5 8. O-O
Nbd7 9. a4 a5 10. Qe2 c6 11. Rfd1 h6 12. e4 dxe4 13. Nxe4 Nd5 14. Bg3 N7f6 15.
Nxf6+ Nxf6 16. Ne5 Nd5 17. c4 Nf6 18. Bc2 Qe8 19. Qf3 Ra7 20. Qd3 1-0